[Event "FRA-chT4 0809"]
[Site "France "]
[Date "2009.01.18"]
[Round "4"]
[White "Lacresse, Regis"]
[Black "Fournier, Camille"]
[Result "0-1"]
[WhiteElo "1951"]
[BlackElo "2036"]
[PlyCount "112"]
[EventDate "2008.10.??"]
[EventType "team-tourn"]
[EventRounds "9"]
[EventCountry "FRA"]
[SourceTitle "EXT 2010"]
[Source "ChessBase"]
[SourceDate "2010.11.25"]
[SourceVersion "1"]
[SourceVersionDate "2010.11.25"]
[SourceQuality "1"]

1. d4 Nf6 2. c4 e6 3. Nc3 Bb4 4. Qc2 d5 5. Nf3 0-0 6. Bg5 Nbd7 7. e3 c5 8. cxd5 exd5 9. Be2 Qa5 10. 0-0 Bxc3 11. bxc3 Ne4 12. Rfc1 Re8 13. Rab1 c4 14. a4 a6 15. Bf4 f6 16. h3 b5 17. Nd2 Nxd2 18. Qxd2 Bb7 19. Bd1 Bc6 20. Rb4 Ra7 21. Bc2 Qd8 22. axb5 axb5 23. Bb1 Qe7 24. Re1 Nb6 25. f3 Ra3 26. Qb2 Ra5 27. Bg3 Qb7 28. Qc2 g6 29. h4 f5 30. h5 Qg7 31. Kf2 Nd7 32. Rh1 Nf6 33. hxg6 hxg6 34. Qd2 Kf7 35. Be5 Rh8 36. Rg1 Qh6 37. Rb2 Qh4+ 38. Bg3 Qh6 39. Bc2 Re8 40. Rbb1 Ra2 41. Ra1 Qxe3+ 42. Qxe3 Rxc2+ 43. Kf1 Rxe3 44. Be1 Nh5 45. Rh1 Ke6 46. Ra6 Kd6 47. Rxh5 Rxe1+ 48. Kxe1 gxh5 49. Ra3 Rxg2 50. Kf1 Rb2 51. Ra7 Rc2 52. Rh7 Rxc3 53. Rxh5 Rxf3+ 54. Ke2 Rf4 55. Ke3 Re4+ 56. Kf3 Bd7 0-1

[Event "FRA-chT2 South 0809"]
[Site "France"]
[Date "2008.11.22"]
[Round "2.7"]
[White "Robert, Bastien"]
[Black "Fournier, Camille"]
[Result "1-0"]
[WhiteElo "2031"]
[BlackElo "2030"]
[PlyCount "49"]
[EventDate "2008.10.12"]
[EventType "team-tourn"]
[EventRounds "11"]
[EventCountry "FRA"]
[SourceTitle "EXT 2010"]
[Source "ChessBase"]
[SourceDate "2010.11.25"]
[SourceVersion "1"]
[SourceVersionDate "2010.11.25"]
[SourceQuality "1"]
[WhiteTeam "Hyeres II"]
[BlackTeam "Condom"]
[WhiteTeamCountry "FRA"]
[BlackTeamCountry "FRA"]

1. d4 Nf6 2. c4 e6 3. Nf3 d5 4. g3 Be7 5. Bg2 0-0 6. 0-0 dxc4 7. Nbd2 c5 8. Nxc4 Nc6 9. dxc5 Bxc5 10. a3 a5 11. Qc2 Qe7 12. Bf4 Nd5 13. Bg5 f6 14. e4 fxg5 15. exd5 exd5 16. Rae1 Qf6 17. Nce5 Ba7 18. Nxg5 Bf5 19. Bxd5+ Kh8 20. Qxf5 Qxf5 21. Ngf7+ Kg8 22. Nh6+ Kh8 23. Nxf5 Nxe5 24. Rxe5 Rad8 25. Bg2 1-0

[Event "Cap d'Agde Cavalier op"]
[Site "Cap d'Agde"]
[Date "2008.10.31"]
[Round "8"]
[White "Boukhris, Yacine"]
[Black "Fournier, Camille"]
[Result "1/2-1/2"]
[WhiteElo "1916"]
[BlackElo "2030"]
[PlyCount "84"]
[EventDate "2008.10.25"]
[EventType "swiss"]
[EventRounds "9"]
[EventCountry "FRA"]
[SourceTitle "EXT 2010"]
[Source "ChessBase"]
[SourceDate "2010.11.25"]
[SourceVersion "1"]
[SourceVersionDate "2010.11.25"]
[SourceQuality "1"]

1. e4 c6 2. d4 d5 3. Nc3 dxe4 4. Nxe4 Bf5 5. Ng3 Bg6 6. N1e2 e6 7. h4 h6 8. Nf4 Bh7 9. Bc4 Nf6 10. Qe2 Bd6 11. Ngh5 0-0 12. g4 Nd5 13. g5 Nxf4 14. Nxf4 Bxf4 15. Bxf4 Qxd4 16. Be5 Qe4 17. Rg1 Nd7 18. Qxe4 Bxe4 19. Bd6 Rfe8 20. gxh6 g6 21. 0-0-0 Bf3 22. Rd4 Bh5 23. Rd2 Nb6 24. Bd3 Rad8 25. Bc7 Rc8 26. Be5 Kh7 27. Bg7 Rcd8 28. c4 Rd7 29. Rg5 f5 30. b3 Bg4 31. Rxg4 fxg4 32. h5 Rxg7 33. hxg7 Kxg7 34. Bxg6 Rf8 35. Kd1 a5 36. Ke2 a4 37. Rd4 axb3 38. axb3 Kh6 39. Rxg4 Nd7 40. Rd4 Ne5 41. Re4 Nxg6 42. hxg6 Rf6 1/2-1/2

[Event "FRA-chT N1"]
[Site "France"]
[Date "2005.05.08"]
[Round "11"]
[White "Fournier, Camille"]
[Black "Guichard, Pauline"]
[Result "0-1"]
[WhiteElo "2082"]
[BlackElo "2072"]
[PlyCount "46"]
[EventDate "2005.05.05"]
[EventType "team"]
[EventRounds "11"]
[EventCountry "FRA"]
[SourceTitle "EXT 2006"]
[Source "ChessBase"]
[SourceDate "2005.11.24"]
[SourceVersion "1"]
[SourceVersionDate "2005.11.24"]
[SourceQuality "1"]

1. e4 c5 2. Nc3 Nc6 3. f4 g6 4. Nf3 Bg7 5. Bc4 e6 6. f5 Nge7 7. fxe6 fxe6 8. 0-0 0-0 9. d3 d5 10. Bb3 Nd4 11. Bg5 Qd7 12. Nxd4 Rxf1+ 13. Qxf1 cxd4 14. exd5 dxc3 15. dxe6 Qd4+ 16. Kh1 cxb2 17. Qf7+ Kh8 18. Qe8+ Ng8 19. Qxg8+ Kxg8 20. e7+ Be6 21. Bxe6+ Kh8 22. Rf1 Qf2 23. Rb1 Qxc2 0-1

[Event "FRA-chT2 0405"]
[Site "France"]
[Date "2005.01.08"]
[Round "5.3"]
[White "Fournier, Camille"]
[Black "Garrido, Denis"]
[Result "0-1"]
[WhiteElo "2070"]
[BlackElo "2313"]
[PlyCount "118"]
[EventDate "2004.10.10"]
[EventType "team"]
[EventRounds "11"]
[EventCountry "FRA"]
[SourceTitle "EXT 2006"]
[Source "ChessBase"]
[SourceDate "2005.11.24"]
[SourceVersion "1"]
[SourceVersionDate "2005.11.24"]
[SourceQuality "1"]
[WhiteTeam "Condom"]
[BlackTeam "Marseille EFE"]
[WhiteTeamCountry "FRA"]
[BlackTeamCountry "FRA"]

1. d4 Nf6 2. Nf3 g6 3. c4 c5 4. d5 d6 5. Nc3 Bg7 6. g3 e6 7. Bg2 exd5 8. cxd5 0-0 9. 0-0 Nbd7 10. h3 Re8 11. Re1 h6 12. e4 Nb6 13. Bf4 g5 14. Bc1 Bd7 15. a4 a6 16. Nd2 Rb8 17. Ra3 g4 18. h4 Nc8 19. a5 h5 20. Bf1 Na7 21. e5 Rxe5 22. Rxe5 dxe5 23. Nc4 Nb5 24. Nxb5 Bxb5 25. Ne3 Ne8 26. Nf5 Nd6 27. Nxg7 Kxg7 28. Bg5 f6 29. Be3 Rc8 30. Bd3 Bxd3 31. Qxd3 Qd7 32. Bc1 Qf5 33. Qe3 Nc4 34. Qh6+ Kf7 35. Rb3 Rc7 36. Qh8 Rd7 37. Bh6 Kg6 38. Bf8 Qb1+ 39. Kh2 Kf7 40. Qg7+ Ke8 41. Qg8 Qh7 42. Qxh7 Rxh7 43. Bxc5 Rd7 44. Rb4 Nxa5 45. Bb6 Rxd5 46. Bxa5 Rxa5 47. Rxb7 Rb5 48. Rh7 Rxb2 49. Kg1 Kf8 50. Ra7 Rb1+ 51. Kg2 Ra1 52. Kh2 a5 53. Kg2 a4 54. Kh2 a3 55. Kg2 Ke8 56. Rh7 Rb1 57. Ra7 Rb3 58. Kg1 Kd8 59. Rh7 a2 0-1

[Event "FRA-chT2 0405"]
[Site "France"]
[Date "2004.11.07"]
[Round "3.7"]
[White "Fournier, Camille"]
[Black "Marino, Olivier"]
[Result "0-1"]
[WhiteElo "2070"]
[BlackElo "2109"]
[PlyCount "68"]
[EventDate "2004.10.10"]
[EventType "team"]
[EventRounds "11"]
[EventCountry "FRA"]
[SourceTitle "EXT 2006"]
[Source "ChessBase"]
[SourceDate "2005.11.24"]
[SourceVersion "1"]
[SourceVersionDate "2005.11.24"]
[SourceQuality "1"]

1. d4 Nf6 2. Nf3 g6 3. c4 Bg7 4. Nc3 0-0 5. e4 d6 6. Be2 e5 7. 0-0 Nc6 8. d5 Ne7 9. b4 Nh5 10. Re1 f5 11. Ng5 Nf6 12. Bf3 h6 13. Ne6 Bxe6 14. dxe6 c6 15. Ba3 Ne8 16. Qb3 Kh8 17. Rad1 fxe4 18. Bxe4 Qc8 19. b5 Qxe6 20. bxc6 bxc6 21. Qb7 Rc8 22. Qxa7 Rf7 23. Qa4 Bf8 24. Rd2 Rf6 25. Rd3 Qf7 26. Bf3 Rf4 27. Bxd6 Nxd6 28. Rxd6 Nf5 29. Rxc6 Rxc6 30. Qxc6 Rxc4 31. Qd5 Qxd5 32. Nxd5 Rc2 33. Be4 Rxa2 34. Nb4 Bxb4 0-1

[Event "Condom op 2nd"]
[Site "Condom"]
[Date "2003.07.13"]
[Round "2"]
[White "Maryasin, Boris Feliksovich"]
[Black "Fournier, Camille"]
[Result "1-0"]
[WhiteElo "2393"]
[BlackElo "2084"]
[PlyCount "93"]
[EventDate "2003.07.12"]
[EventType "swiss"]
[EventRounds "9"]
[EventCountry "FRA"]
[SourceTitle "CBM 095 Extra"]
[Source "ChessBase"]
[SourceDate "2003.09.04"]
[SourceVersion "1"]
[SourceVersionDate "2003.09.04"]
[SourceQuality "1"]

1. e4 e5 2. Nf3 Nf6 3. Nxe5 d6 4. Nf3 Nxe4 5. Nc3 Nxc3 6. dxc3 Be7 7. Bf4 Nd7 8. Qd2 Nc5 9. 0-0-0 Be6 10. Kb1 Qd7 11. Nd4 0-0-0 12. Bb5 c6 13. Be2 d5 14. c4 Bd6 15. cxd5 Bxd5 16. f3 Qc7 17. Bxd6 Rxd6 18. c4 Be6 19. Qg5 Qb6 20. Qxg7 Rhd8 21. Nxe6 Nxe6 22. Qe5 Rxd1+ 23. Rxd1 Rxd1+ 24. Bxd1 Qg1 25. Kc1 Qxg2 26. Qh8+ Kd7 27. Qxh7 Qg5+ 28. Kb1 Qf4 29. a3 c5 30. Qe4 Qxh2 31. Qxb7+ Qc7 32. Ba4+ Ke7 33. Qxc7+ Nxc7 34. Kc2 Kd6 35. Kc3 a5 36. Bc2 Ne6 37. Be4 f6 38. Bd5 Nf4 39. Bf7 Ne2+ 40. Kd3 Nd4 41. Bd5 Ke5 42. b4 axb4 43. axb4 Kd6 44. Ke4 f5+ 45. Kd3 f4 46. Ke4 Nxf3 47. bxc5+ 1-0

[Event "FRA-chT2"]
[Site "France"]
[Date "2002.01.19"]
[Round "5"]
[White "Lebel, Patrick"]
[Black "Fournier, Camille"]
[Result "1/2-1/2"]
[WhiteElo "2169"]
[BlackElo "2142"]
[PlyCount "31"]
[EventDate "2002.??.??"]
[EventType "team"]
[EventRounds "11"]
[EventCountry "FRA"]
[SourceTitle "EXT 2003"]
[Source "ChessBase"]
[SourceDate "2002.11.25"]
[SourceVersion "1"]
[SourceVersionDate "2002.11.25"]
[SourceQuality "1"]

1. b4 c6 2. e3 d5 3. Bb2 Bf5 4. Nf3 e6 5. a3 Nf6 6. Be2 Bd6 7. 0-0 0-0 8. c4 Nbd7 9. d4 Ne4 10. Nbd2 Rc8 11. c5 Bb8 12. Ne5 Bxe5 13. dxe5 b6 14. f3 Ng5 15. Rc1 Qe7 16. cxb6 1/2-1/2